La Compañía del Norte y su personal : (Record no. 162252)

MARC details
000 -LEADER
campo de control de longitud fija 00562nam a2200145 i 4500
001 - NÚMERO DE CONTROL
campo de control 162252
003 - IDENTIFICADOR DE NÚMERO DE CONTROL
campo de control ES-MaACL
005 - FECHA Y HORA DE LA ÚLTIMA TRANSACCIÓN
campo de control 20230906212449.0
008 - DATOS DE LONGITUD FIJA--INFORMACIÓN GENERAL
campo de control de longitud fija 160422s1916 sp |||| | spa d
110 0# - ENTRADA PRINCIPAL--NOMBRE DE ENTIDAD CORPORATIVA
Nombre de entidad corporativa o nombre de jurisdicción como elemento de entrada Compañia de los Caminos de Hierro del Norte de España.
9 (RLIN) 3117
245 13 - MENCIÓN DEL TÍTULO
Título La Compañía del Norte y su personal :
Resto del título datos y cifras que es preciso conocer para juzgar con acierto del problema ferroviario.
260 ## - PUBLICACIÓN, DISTRIBUCIÓN, ETC.
Lugar de publicación, distribución, etc. Madrid :
Nombre del editor, distribuidor, etc. [s.n.],
Fecha de publicación, distribución, etc. 1916 (
Fabricante Imp. Central de los Ferrocarriles)
300 ## - DESCRIPCIÓN FÍSICA
Extensión 71 p. :
Otras características físicas graf. ;
Dimensiones 20 cm.
852 ## - LOCALIZACIÓN
Ubicación ES-MaACL
Número de control de estantería 1529-F-1
Holdings
Estatus retirado Estado de pérdida Estado de daño No para préstamo Colección Biblioteca de origen Biblioteca actual Ubicación en estantería Fecha de adquisición Fuente de adquisición Total de préstamos Signatura topográfica completa Código de barras Visto por última vez Precio de reemplazo Tipo de ítem Koha
        Colección de folletos Biblioteca del Ateneo de Madrid Biblioteca del Ateneo de Madrid Depósito folletos 22/04/2016     1529-F-1 1195148 23/02/2023 23/02/2023 Folleto